Best practice for Registered Valuers (Record no. 121037)
[ view plain ]
| 000 -LEADER | |
|---|---|
| fixed length control field | 01500cad a22002775a 4500 |
| 001 - CONTROL NUMBER | |
| control field | L158751 |
| 008 - FIXED-LENGTH DATA ELEMENTS--GENERAL INFORMATION | |
| fixed length control field | 101207s2014 xxk 000 0 eng u |
| 035 ## - SYSTEM CONTROL NUMBER | |
| System control number | (Sirsi) u158751 |
| 041 0# - LANGUAGE CODE | |
| Language code of text/sound track or separate title | eng |
| 110 2# - MAIN ENTRY--CORPORATE NAME | |
| Corporate name or jurisdiction name as entry element | Royal Institution of Chartered Surveyors |
| 9 (RLIN) | 4900 |
| 245 05 - TITLE STATEMENT | |
| Title | Best practice for Registered Valuers |
| Medium | [electronic resource] |
| 260 ## - PUBLICATION, DISTRIBUTION, ETC. | |
| Date of publication, distribution, etc. | 2014 |
| 490 #0 - SERIES STATEMENT | |
| Series statement | RICS Conditions of Engagement |
| 490 ## - SERIES STATEMENT | |
| Series statement | RICS Appraisal and Valuation Standards |
| 505 2# - FORMATTED CONTENTS NOTE | |
| Formatted contents note | Red Book terms of engagement and valuation report guidance -- Terms of engagement template -- Terms of engagement covering letter -- Valuation instruction form -- Valuation report covering letter -- Valuation report template -- When should you accept or reject a valuation instruction? -- Audit trail - your first line of defence -- Valuer Registration Terms of Engagement -- Risk, Liability and Insurance in Valuation Work |
| 520 ## - SUMMARY, ETC. | |
| Summary, etc. | Identifies common areas where, by implementing some simple processes, Registered Valuers could ensure that they are following best practice. Offers terms of engagement and valuation report templates. |
| 521 ## - TARGET AUDIENCE NOTE | |
| Target audience note | Advanced |
| 590 ## - LOCAL NOTE (RLIN) | |
| Local note | KA |
| 650 24 - SUBJECT ADDED ENTRY--TOPICAL TERM | |
| Topical term or geographic name entry element | VALUATION REPORT |
| 650 24 - SUBJECT ADDED ENTRY--TOPICAL TERM | |
| Topical term or geographic name entry element | INSTRUCTIONS |
| 650 24 - SUBJECT ADDED ENTRY--TOPICAL TERM | |
| Topical term or geographic name entry element | TERMS OF ENGAGEMENT |
| 651 #4 - SUBJECT ADDED ENTRY--GEOGRAPHIC NAME | |
| Geographic name | United Kingdom |
| Chronological subdivision | |
| 690 ## - LOCAL SUBJECT ADDED ENTRY--TOPICAL TERM (OCLC, RLIN) | |
| Topical term or geographic name as entry element | Valuation |
| 9 (RLIN) | 6273 |
| 856 41 - ELECTRONIC LOCATION AND ACCESS | |
| Uniform Resource Identifier | <a href="https://www.rics.org/uk/regulation1/firm-and-individual-guidance/valuer-registration/best-practice-for-registered-valuers/">https://www.rics.org/uk/regulation1/firm-and-individual-guidance/valuer-registration/best-practice-for-registered-valuers/</a> |
| Public note | View the website at www.rics.org... |
| 942 ## - ADDED ENTRY ELEMENTS (KOHA) | |
| Suppress in OPAC | 0 |
| Withdrawn status | Lost status | Source of classification or shelving scheme | Damaged status | Not for loan | Home library | Current library | Shelving location | Date acquired | Total Checkouts | Full call number | Barcode | Date last seen | Copy number | Price effective from | Koha item type |
|---|---|---|---|---|---|---|---|---|---|---|---|---|---|---|---|
| Dewey Decimal Classification | Virtual | Virtual | Online | 10/07/2015 | WEBSITE | 158751-2001 | 06/08/2019 | 1 | 06/08/2019 | Online material |